ثلاثون عاما في خدمة المخابرات الأمريكية / (رقم التسجيلة. 8885)

تفاصيل مارك
000 -LEADER
fixed length control field 00588nam a22001817a 4500
005 - DATE AND TIME OF LATEST TRANSACTION
control field 20251108164314.0
008 - FIXED-LENGTH DATA ELEMENTS--GENERAL INFORMATION
fixed length control field 250721s1986 xx 000 0 ara d
082 14 - DEWEY DECIMAL CLASSIFICATION NUMBER
Classification number 355.3432/عبد
100 1# - MAIN ENTRY--PERSONAL NAME
Personal name كولبي، وليام
245 10 - TITLE STATEMENT
Title ثلاثون عاما في خدمة المخابرات الأمريكية /
264 1# - PRODUCTION, PUBLICATION, DISTRIBUTION, MANUFACTURE, AND COPYRIGHT NOTICE
Place of production, publication, distribution, manufacture بيروت :
Name of producer, publisher, distributor, manufacturer دار المروج،
Date of production, publication, distribution, manufacture, or copyright notice 1986.
300 ## - PHYSICAL DESCRIPTION
Extent 263ص
650 17 - SUBJECT ADDED ENTRY--TOPICAL TERM
Topical term or geographic name as entry element وكالة الإستخبارات المركزية
650 17 - SUBJECT ADDED ENTRY--TOPICAL TERM
Topical term or geographic name as entry element الجواسيس
700 1# - ADDED ENTRY--PERSONAL NAME
Personal name الحجيري، عبد الله
Relator term ترجمة
942 ## - ADDED ENTRY ELEMENTS (KOHA)
Source of classification or shelving scheme Dewey Decimal Classification
Koha item type كتب
المقتنيات
حالة السحب حالة الفقدان مصدر التصنيف حالة التلف غير قابل للإعارة المكتبة الرئيسية المكتبة الحالية موقع الرف تاريخ التزويد الرقم المتسلسل Total Checkouts رقم الإستدعاء تاريخ آخر ظهور تاريخ الفاتورة نوع المادة (كوها) الباركود
    Dewey Decimal Classification Unchecked   المكتبة المركزية المكتبة المركزية الإعارة 06/07/2004 113700   355.3432/عبد 28/07/2025 06/07/2004 كتب  
    Dewey Decimal Classification     مكتبة عدن للأطفال مكتبة عدن للأطفال الإعارة 10/02/2025 1793485   355.3432/عبد 28/07/2025 10/02/2025 كتب PLD00515190
Implemented & Customized by: BBB with SCIT (Smart Chains for Information Technology)

Powered by Koha